| 000 | 01198nam a22002657a 4500 | ||
|---|---|---|---|
| 003 | PE SENCICO BE | ||
| 005 | 20251020182636.0 | ||
| 008 | 230515b |||||||| |||| 00| 0 eng d | ||
| 020 | _a978-84-252-2845-2 | ||
| 040 |
_aPE SENCICO BE _cPE SENCICO BE |
||
| 041 | _aspa | ||
| 082 |
_a720.472 _bH47 |
||
| 100 | 1 |
_91026 _aHeywood, Huw _eautor |
|
| 245 | 1 |
_a101 reglas básicas para una arquitectura de bajo consumo energético / _cHuw Heywood |
|
| 250 | _a1a ed. | ||
| 260 |
_aBarcelona : _bGustavo Gili, _c2017 |
||
| 300 |
_a235 p. : _bil. col., _c18 cm. |
||
| 520 | 3 | _aEste libro reúne 101 reglas básicas para optimizar el uso de la energía natural en arquitectura y proyectar de un modo directo e intuitivo de acuerdo con los principios del bajo consumo energético. Esta guía fundamental y de fácil uso está repleta de buenos consejos y reveladoras ilustraciones que nos permiten apostar por la reducción del consumo energético desde los principios más básicos. | |
| 650 | 1 | 4 |
_9806 _aArquitectura ecológica |
| 650 | 2 | 4 |
_9703 _aConservación de la energía |
| 650 | 2 | 4 |
_91014 _aEnergía solar |
| 650 | 2 | 4 |
_9188 _aArquitectura y clima |
| 910 |
_bhfp _chfp |
||
| 942 |
_2ddc _cLIB |
||
| 999 |
_c4147 _d4147 |
||